| 000 | 00670nam a2200265Ia 4500 | ||
|---|---|---|---|
| 003 | OSt | ||
| 005 | 20220912151547.0 | ||
| 006 | a|||||r|||| 00| 0 | ||
| 007 | ta | ||
| 008 | 220909b |||||||| |||| 00| 0 eng d | ||
| 024 | _a20338 | ||
| 037 | _cTextual | ||
| 040 |
_aCSL _beng _cCSL |
||
| 041 | _aeng | ||
| 082 | _aB271, M9 | ||
| 100 | _aHolt Derek F | ||
| 245 | 0 | _aPerfect groups | |
| 260 |
_aOxford _bClarendon Press _c1989 |
||
| 300 |
_a364p. _ccm. |
||
| 490 | _aOxford mathematical monographs | ||
| 650 | _aPerfect groups | ||
| 700 | _a Plesken W | ||
| 942 |
_hB271, M9 _cTEXL _2CC |
||
| 999 |
_c71372 _d71372 |
||